000 00670nam a2200205 a 4500
001 000008566
005 20240412074207.0
008 090917s2001 dr r 000 p spa d
040 _aDO-SdBNP
_bspa
_cBNPHU
082 _aRD861.44
_bR457bu
100 1 _aReyes R., Miguel Andrés
_922957
245 1 0 _aEn busca de mí mismo /
_cMiguel Andrés Reyes R. ; presentación Diógenes Valdez.
260 _aSanto Domingo :
_bManatí,
_c2001.
300 _a85 p. ;
_c21 cm.
590 _aInventariado, 2018/BT
650 0 _aPoesía dominicana
_966
650 0 _aLiteratura dominicana.
_967
700 1 _aValdez, Diógenes
_922958
910 _aValidado. Control de calidad. MMOLINA
999 _c8336
_d8336